000 00767cam a2200193 4500
001 WB3726-26
008 000000n2001 000 0 eng u
035 _a(Sirsi) u113448
245 _aRICS goes global
260 _c2001
490 _aRICS Press Release
_v(pr090) 3 July 2001, (3)
520 _aThe new international RICS Governing Council has held its first meeting with debates about the environments in which chartered surveyors operate. The Governing Council was assembled to respond to accelerating economic globalisation in the profession with 20% of RICS members practising outside of the UK.
590 _aWB
650 _aSURVEYING PROFESSION
650 _aRICS GOVERNING COUNCIL
650 _aGLOBALISATION
690 _aRICS NEWS
942 _n0
999 _c67592
_d67592